000 00493nam a22001697a 4500
005 20150210131955.0
008 150210b xxu||||| |||| 00| 0 eng d
020 _a9780435966935
050 _aQA 11
_b.N994 2009
100 _aNye, Colin.
245 _aHeinemann IGCSE mathematics :
_bteacher's CD /
_cColin Nye.
260 _aUnited Kingdom :
_bPearson Education,
_cc2009.
300 _e+ 1 CD ROM (3/4) inches.
650 _aMathematics.
650 _aTeacher's guide.
942 _2lcc
_cBK
999 _c282570
_d282570